Google Suchanfragen vervollständigen 2 - Statistiken

Allgemein
  • Dieses Quiz wurde 1.502 mal gespielt
  • Das Durchschnittsergebnis liegt bei 2 aus 10
Antwortstatistiken
Suchanfrage Ergebnis % Korrekt
warum ist meine katze so.. klein
69%
warum ist meine katze so.. dünn
52%
warum ist meine katze so.. aggressiv
38%
warum ist meine katze so.. verfressen
20%
warum ist meine katze so.. ängstlich
19%
warum ist meine katze so.. hyperaktiv
16%
warum ist meine katze so.. anhänglich
12%
warum ist meine katze so.. aufgedreht
8%
warum ist meine katze so.. unruhig
4%
warum ist meine katze so.. dünn geworden
1%
Keine übereinstimmenden Quizze gefunden
Verteilung der Resultate
Anzahl Personen mit jedem Resultat
Perzentil nach korrekt beantworteten Fragen
Ihre Resultats-Entwicklung
Sie haben dieses Quiz noch nicht gespielt